Matemática hoy II / (Registro nro. 13985)

Detalles MARC
000 -LIDER
fixed length control field 01968nam a2200313 a 4500
001 - NÚMERO DE CONTROL
Identificador de número de control
003 - IDENTIFICACDOR DE NÚMERO DE CONTROL
control field OSt
005 - DATE AND TIME OF LATEST TRANSACTION
control field 20220127122104.0
007 - CAMPOS FIJOS DE DESCRIPCIÓN FÍSICA
fixed length control field ta
008 - ELEMENTOS DE LONGITUD FIJA
fixed length control field 150408e2014 dr ad 001 0 spa d
020 ## - ISBN
International Standard Book Number 9789945580211
040 ## - FUENTE DE CATALOGACIÓN
Agencia que crea de manera original el registro DO-SdBNP
Idioma de catalogación spa
Agencia que realiza la transcripción BPMSU
082 ## - NÚMERO DE CLASIFICACIÓN DECIMAL DE DEWEY
Classification number 372.7
Item number U76m 2014
Edition number 22
100 1# - ASIENTO PRINCIPAL -- NOMBRE PERSONAL
Nombre personal Uribe, Leonidas Rafael
245 10 - MENCIÓN DE TITULO
Título Matemática hoy II /
Mención de responsabilidad Jesús Alberto de la Cruz; corrección y estilo Luisa Hernández
260 ## - PUBLICACIÓN, DISTRIBUCIÓN, ETC. (PIE DE IMPRENTA)
Lugar de publicación, distribución, etc Santo Domingo :
Nombre del editor, distribuidor, etc. UAPA,
Fecha de publicación, distribución, etc 2014.
300 ## - DESCRIPCIÓN FÍSICA
Extensión xiv, 270 p. :
Otros detalles físicos il., ;
Dimensiones 28 cm.
490 1# - MENCIÓN DE SERIES
Mención de serie Autoaprendizaje
504 ## - NOTA DE BIBLIOGRAFÍA, ETC.
Bibliography, etc Bibliografía : p. 223-224
505 0# - NOTA DE CONTENIDO
Información miscelánea Unidad modular no. 1
Título Lenguaje de conjuntos --
Información miscelánea Unidad modular no. 2
Título Introducción a los intervalos y desigualdades --
Información miscelánea Tema modular no. 1
Título Desiguldades --
Información miscelánea Unidad modular no. 3
Título Ecuaciones e inecuaciones de primer y segundo grado en una variable --
Información miscelánea Tema modular no. 1
Título Inecuaciones lineales y de segundo grado --
Información miscelánea Unidad modular no. 4
Título Ecuaciones e inecuaciones lineales en dos variables --
Información miscelánea Unidad modular no. 5
Título Sistemas de ecuacuaciones e inecuaciones en dos variables --
Información miscelánea Tema modular no. 1
Título Sistema de inecuaciones en dos variables --
Información miscelánea Unidad modular no. 6
Título Vectores, matrices y determinantes --
Información miscelánea Tema modular no. 1
Título Vectores y su geometría --
Información miscelánea Tema modular no. 2
Título Matrices y sus generalidades --
Información miscelánea Tema modular no. 3
Título Determinantes --
Información miscelánea Tema modular no. 7
Título Relaciones y funciones --
Información miscelánea Tema modular no. 1
Título Introducción al analisis de funciones --
Información miscelánea Tema modular no. 2
Título Representación gráfica de funciones de valores reales --
Información miscelánea Tema modular no. 3
Título Teorema del residuo y teorema del factor --
-- Solucionario.
590 ## - NOTA LOCAL
Enlace Inventariado, 2022/VM
650 #4 - ENCABEZAMIENTO DE MATERIA--TEMÁTICO
Término temático o nombre geográfico como elemento de entrada Matematicas
Subdivisión temática general Enseñanzas
650 #4 - ENCABEZAMIENTO DE MATERIA--TEMÁTICO
Término temático o nombre geográfico como elemento de entrada Educación primaria.
700 1# - ASIENTO SECUNDARIO -- NOMBRE PERSONAL
Nombre personal Hernández, Luisa
Mención de responsabilidad
710 2# - ASIENTO SECUNDARIO -- NOMBRE CORPORATIVO
Nombre corporativo o de jurisdicción Universidad Abierta para Adultos (Santiago de los Caballeros, Republica Dominicana)
830 #0 - ASIENTO SECUNDARIO DE SERIE--TÍTULO UNIFORME
Título uniforme Autoaprendizaje
910 ## - VALIDACIÓN
Validación VMateo V.
942 ## - ADDED ENTRY ELEMENTS (KOHA)
Source of classification or shelving scheme Dewey Decimal Classification
Koha item type Libros
Existencias
Withdrawn status Lost status Source of classification or shelving scheme Damaged status Not for loan Collection code Home library Current library Date acquired Full call number Barcode Date last seen Price effective from Koha item type
    Dewey Decimal Classification     Colección Escolar Biblioteca Pública Metropolitana Salomé Ureña Biblioteca Pública Metropolitana Salomé Ureña 01/27/2022 BPMSU CDE 372.7 U76m 2014 BPMSU22010078 01/27/2022 01/27/2022 Libros